Vrai fan ou pas ? 1- Tim Burton - Statistiques

Statistiques générales
  • Ce quiz a été pris 427 fois
  • Le résultat moyen est 9 sur 15
Statistiques - réponses
Devinettes Réponses % Correct
Il n'a jamais pu obtenir de véritables mains Edward aux mains d'argent
96%
La mariée à été tuée dans celui-ci Les noces funèbres
89%
Plus on la visite plus on a faim durant le film Charlie et la chocolaterie
86%
Mais attends son joker c'est pas le mec de Shining ?! Batman
75%
Les aliens sont parvenus à nous envahir Mars Attack
75%
Ca serait amusant de pouvoir hanter les lieux comme eux Beetlejuice
73%
On a voulu voler le rôle du père noël dans ce film L'étrange noël de monsieur Jack
73%
Live action d'un film disney, il peut voler par magie Dumbo
63%
Un parent mourant et son fils au chevet Big Fish
58%
Sorti sous comédie musicale, il n'est pas très apprécié Sweeney Todd
47%
Une famille noble qui vend du poisson Dark Shadows
46%
Il est mort renversé par une voiture Frankenweenie
46%
Une ombrune et des monstres mangeurs d'oeils Miss peregrine et les enfants particuliers
41%
Deux volets, une jeune femme blonde et un déséquilibré Alice aux pays des merveilles
32%
Une grenouille qui rêve de devenir une star à Hollywood Les muppets
4%
Aucun quiz correspondant
Distribution des résultats
% des personnes avec chaque résultat
Percentile par nombre de réponses
Votre historique - résultats
Vous n’avez pas pris ce quiz